Инновационное образование: вызовы III тысячелетия; Инноватика-2013; Т. 2

Podrobná bibliografie
Parent link:Инноватика-2013: сборник материалов IX Всероссийской школы-конференции студентов, аспирантов и молодых ученых с международным участием, 23-25 апреля 2013 г., г. Томск, Россия.— , 2013
Т. 2.— 2013.— [С. 271-277]
Hlavní autor: Карташова А. А. Анна Александровна
Korporativní autor: Национальный исследовательский Томский политехнический университет (ТПУ) Институт социально-гуманитарных технологий (ИСГТ) Кафедра социальных коммуникаций (СК)
Shrnutí:Заглавие с экрана
Jazyk:ruština
Vydáno: 2013
Témata:
On-line přístup:http://www.inno-fit.ru/download/history/files/tom2.innovatica2013.pdf#page=271
Médium: Elektronický zdroj Kapitola
KOHA link:https://koha.lib.tpu.ru/cgi-bin/koha/opac-detail.pl?biblionumber=638322

MARC

LEADER 00000naa0a2200000 4500
001 638322
005 20250529133922.0
035 |a (RuTPU)RU\TPU\network\2624 
090 |a 638322 
100 |a 20141226d2013 k y0rusy50 ca 
101 0 |a rus 
102 |a RU 
135 |a drcn ---uucaa 
181 0 |a i  
182 0 |a b 
200 1 |a Инновационное образование: вызовы III тысячелетия  |f А. А. Карташова 
203 |a Текст  |c электронный 
300 |a Заглавие с экрана 
320 |a [Библиогр.: с. 276-277 (3 назв.)] 
461 |t Инноватика-2013  |o сборник материалов IX Всероссийской школы-конференции студентов, аспирантов и молодых ученых с международным участием, 23-25 апреля 2013 г., г. Томск, Россия  |d 2013 
463 |t Т. 2  |f под ред. А. Н. Солдатова, С. Л. Миньковой  |v [С. 271-277]  |d 2013 
610 1 |a электронный ресурс 
610 1 |a труды учёных ТПУ 
700 1 |a Карташова  |b А. А.  |c специалист в области социологии, психологии и права  |c ассистент Томского политехнического университета  |f 1988-  |g Анна Александровна  |3 (RuTPU)RU\TPU\pers\31064 
712 0 2 |a Национальный исследовательский Томский политехнический университет (ТПУ)  |b Институт социально-гуманитарных технологий (ИСГТ)  |b Кафедра социальных коммуникаций (СК)  |3 (RuTPU)RU\TPU\col\21254 
801 1 |a RU  |b 63413507  |c 20141226 
801 2 |a RU  |b 63413507  |c 20151204  |g RCR 
850 |a 63413507 
856 4 |u http://www.inno-fit.ru/download/history/files/tom2.innovatica2013.pdf#page=271 
942 |c CF